000 01177cam a22003014a 4500
999 _c27677
_d27677
001 14569123
003 OSt
005 20170209160656.0
008 060926s2007 nyu j b 000 0beng
010 _a 2006031978
020 _a9780810993471 (hcj)
020 _a0810993473
040 _aDLC
_cDLC
043 _an-us---
050 0 0 _aND237 .H75R83 2007
082 0 0 _a760.092
_aB
_222
100 1 _aRubin, Susan Goldman.
_d2007-
245 1 0 _aEdward Hopper :
_bpainter of light and shadow /
_cSusan Goldman Rubin.
246 3 0 _aPainter of light and shadow
260 _aNew York :
_bAbrams Books for Young Readers,
_c2007.
300 _a47 p. :
_bcol. ill. ;
_c26 cm.
500 _aIncludes bibliographical references (p. 46)
504 _a.
520 _aDiscusses the life and work of the American realist painter.
600 1 0 _aHopper, Edward,
_d2007
_vJuvenile literature.
650 0 _aPainters
_zUnited States
_vBiography
_vJuvenile literature.
906 _a7
_bcbc
_corignew
_d1
_eecip
_f20
_gy-gencatlg
942 _2lcc
_cBOOKS
_hND237 .H75R83 2007
_k35397